[Event "6. Open C.A. Ciudad los Angeles 2012"]
[Site "Madrid ESP"]
[Date "2012.04.22"]
[Round "2.4"]
[White "Mataix Fernandez, Ricardo"]
[Black "Garcia De Quesada, Ignacio"]
[Result "0-1"]
[WhiteElo "1730"]
[BlackElo "1910"]
[PlyCount "92"]
[EventDate "2012.04.15"]
[EventType "swiss"]
[EventRounds "9"]
[EventCountry "ESP"]
[Source "lmi"]
[SourceDate "2012.04.15"]

1. e4 c5 2. Nf3 Nc6 3. d3 e6 4. g3 Nf6 5. Bg2 d6 6. O-O Be7 7. Re1 Qc7 8. Nbd2
b5 9. c3 Bb7 10. Nf1 O-O 11. h4 Rad8 12. N1h2 e5 13. Bg5 Bc8 14. Bxf6 Bxf6 15.
Ng5 Bxg5 16. hxg5 Qe7 17. Qh5 g6 18. Qh4 f6 19. gxf6 Qxf6 20. Qxf6 Rxf6 21. f3
Be6 22. Nf1 d5 23. Red1 d4 24. Rac1 Bxa2 25. cxd4 cxd4 26. Rc5 a6 27. Ra1 Nb4
28. Rxe5 Nxd3 29. Re7 Bc4 30. f4 Nxb2 31. Nd2 Rb6 32. Rb1 Na4 33. e5 Bd3 34.
Kf2 Bxb1 35. Nxb1 Nc3 36. Nd2 Nd1+ 37. Ke2 Ne3 38. Bh3 Nf5 39. Rc7 Nxg3+ 40.
Kf3 Nf5 41. Kg4 b4 42. Kg5 h6+ 43. Kg4 b3 44. Bf1 Ne3+ 45. Kf3 Nxf1 46. Nxf1 b2
0-1

[Event "6. Open C.A. Ciudad los Angeles 2012"]
[Site "Madrid ESP"]
[Date "2012.04.22"]
[Round "2.5"]
[White "Sancho Diaz, Santiago"]
[Black "Benitez Cadenas, Luis Miguel"]
[Result "1-0"]
[WhiteElo "1896"]
[BlackElo "1730"]
[PlyCount "77"]
[EventDate "2012.04.15"]
[EventType "swiss"]
[EventRounds "9"]
[EventCountry "ESP"]
[Source "lmi"]
[SourceDate "2012.04.15"]

1. e4 e6 2. d4 d5 3. exd5 exd5 4. c4 Nf6 5. Bg5 Bb4+ 6. Nc3 O-O 7. a3 Re8+ 8.
Be3 Be7 9. Qb3 c6 10. h3 Qa5 11. Bd3 Nbd7 12. Nge2 c5 13. O-O cxd4 14. Bxd4 Bc5
15. Bxf6 Nxf6 16. cxd5 a6 17. Qc4 Qc7 18. b4 Bd6 19. Qh4 h6 20. Rac1 Qd8 21.
Rfd1 Qe7 22. Bb1 b5 23. Ng3 Bb7 24. Nf5 Qe5 25. Nxd6 Qxd6 26. Ne4 Nxe4 27. Bxe4
Rac8 28. Bf3 Re5 29. Rxc8+ Bxc8 30. Qd4 Re8 31. Qc5 Rd8 32. Qxd6 Rxd6 33. Kf1
Kf8 34. Ke2 Bb7 35. Ke3 Ke7 36. Kd4 Rd7 37. Kc5 Rd6 38. Re1+ Kd7 39. Bg4+ 1-0

[Event "6. Open C.A. Ciudad los Angeles 2012"]
[Site "Madrid ESP"]
[Date "2012.04.22"]
[Round "2.6"]
[White "Vivas Mariscal, Luis Miguel"]
[Black "Tirado Parra, Alberto"]
[Result "0-1"]
[WhiteElo "1673"]
[BlackElo "1880"]
[PlyCount "64"]
[EventDate "2012.04.15"]
[EventType "swiss"]
[EventRounds "9"]
[EventCountry "ESP"]
[Source "lmi"]
[SourceDate "2012.04.15"]

1. d4 f5 2. Nf3 Nf6 3. g3 e6 4. Bg2 d5 5. O-O Bd6 6. Nbd2 Nbd7 7. b3 O-O 8. Bb2
b6 9. c4 Bb7 10. Re1 Ne4 11. cxd5 exd5 12. Nxe4 fxe4 13. Ne5 c5 14. Nxd7 Qxd7
15. dxc5 bxc5 16. e3 Qf5 17. Re2 Ba6 18. Rd2 Bd3 19. Bf1 c4 20. Bxd3 cxd3 21.
Qf1 Rac8 22. a3 Rc6 23. Rc1 Rfc8 24. Rxc6 Rxc6 25. f3 Bc5 26. Bd4 Bxd4 27. exd4
Qg5 28. f4 Qe7 29. Qe1 Rc3 30. Qd1 e3 31. Rxd3 Rxd3 32. Qxd3 e2 0-1

[Event "6. Open C.A. Ciudad los Angeles 2012"]
[Site "Madrid ESP"]
[Date "2012.04.22"]
[Round "2.7"]
[White "Juarez De Vena, Antonio"]
[Black "Marcos Herrero, Francisco"]
[Result "0-1"]
[WhiteElo "1618"]
[BlackElo "1874"]
[PlyCount "92"]
[EventDate "2012.04.15"]
[EventType "swiss"]
[EventRounds "9"]
[EventCountry "ESP"]
[Source "lmi"]
[SourceDate "2012.04.15"]

1. e4 c5 2. Nf3 d6 3. d4 cxd4 4. Nxd4 Nf6 5. Nc3 g6 6. Be3 Bg7 7. Be2 Nc6 8.
Qd2 O-O 9. O-O-O d5 10. Nxc6 bxc6 11. f4 Qa5 12. e5 Ng4 13. Bg1 f6 14. h3 Nh6
15. Be3 Nf5 16. g4 Nxe3 17. Qxe3 fxe5 18. fxe5 Be6 19. Rd4 Qc7 20. Kb1 Qxe5 21.
Rd3 d4 22. Qxe5 Bxe5 23. Na4 Bd5 24. Re1 Rab8 25. Nc5 Rfd8 26. b3 Bd6 27. Na4
e5 28. h4 Rf8 29. h5 Rf2 30. hxg6 hxg6 31. Rh3 Bg2 32. Rh6 Kg7 33. g5 Bb4 34.
c3 dxc3 35. Bd3 c2+ 36. Bxc2 Rxc2 37. Rxe5 Rf2 38. Re6 Rd8 39. Nb2 Rdd2 40.
Rhxg6+ Kf7 41. Ref6+ Rxf6 42. Rxf6+ Kg7 43. Kc1 Re2 44. Nc4 Bc3 45. Rd6 Be4 46.
Kd1 Re1# 0-1

[Event "6. Open C.A. Ciudad los Angeles 2012"]
[Site "Madrid ESP"]
[Date "2012.04.22"]
[Round "2.8"]
[White "Benitez Robles, Antonio"]
[Black "Largo Barbero, Benito"]
[Result "0-1"]
[WhiteElo "1519"]
[BlackElo "1845"]
[PlyCount "78"]
[EventDate "2012.04.15"]
[EventType "swiss"]
[EventRounds "9"]
[EventCountry "ESP"]
[Source "lmi"]
[SourceDate "2012.04.15"]

1. d4 Nf6 2. Bf4 d6 3. Nf3 c6 4. e3 g6 5. Bd3 Bg7 6. Nbd2 O-O 7. c3 Nbd7 8. Qc2
b5 9. h3 a5 10. a4 bxa4 11. Qxa4 Ba6 12. Qc2 c5 13. O-O Qb6 14. Bxa6 Qxa6 15.
Qa4 Nb6 16. Qc2 Rfc8 17. Nb3 a4 18. dxc5 dxc5 19. Qc1 Qb7 20. Nbd2 Nfd5 21. Be5
f6 22. Bh2 g5 23. Qc2 Qd7 24. e4 Nc7 25. Rad1 Qe8 26. e5 Qf7 27. Rfe1 Ncd5 28.
Ne4 h6 29. Ng3 Nf4 30. Ne4 f5 31. Ng3 e6 32. Nf1 Nbd5 33. Ra1 Qh5 34. Ng3 Nxh3+
35. Kh1 Qg4 36. Re2 Nhf4 37. Ree1 Nxg2 38. Kxg2 Nf4+ 39. Kg1 Qh3 0-1

[Event "6. Open C.A. Ciudad los Angeles 2012"]
[Site "Madrid ESP"]
[Date "2012.04.22"]
[Round "2.9"]
[White "Rios Rebollo, Victor"]
[Black "Ballesteros Jimenez, Miguel A"]
[Result "1-0"]
[WhiteElo "1842"]
[BlackElo "1672"]
[PlyCount "63"]
[EventDate "2012.04.15"]
[EventType "swiss"]
[EventRounds "9"]
[EventCountry "ESP"]
[Source "lmi"]
[SourceDate "2012.04.15"]

1. d4 g6 2. c4 Bg7 3. e4 c5 4. d5 d6 5. Qc2 Nf6 6. Nf3 O-O 7. Bd3 Na6 8. a3 Nc7
9. Bf4 e5 10. Bg5 Qd7 11. Nc3 a6 12. b4 b6 13. O-O Rb8 14. Rab1 Bb7 15. Rb2 a5
16. bxa5 bxa5 17. Rfb1 Na6 18. Rb5 Qc7 19. Qa4 Bc8 20. Rxa5 Bd7 21. Nb5 Bxb5
22. cxb5 c4 23. Rxa6 cxd3 24. Rc6 Qd7 25. Qc4 Rb7 26. Qxd3 Rfb8 27. a4 Rb6 28.
Rbc1 Qg4 29. h3 Qxe4 30. Qxe4 Nxe4 31. Rxb6 Rxb6 32. Rc8+ 1-0

[Event "6. Open C.A. Ciudad los Angeles 2012"]
[Site "Madrid ESP"]
[Date "2012.04.22"]
[Round "2.10"]
[White "Garrido Ariza, Javier"]
[Black "Cortijo Manso, Luis"]
[Result "1-0"]
[WhiteElo "1807"]
[BlackElo "1551"]
[PlyCount "57"]
[EventDate "2012.04.15"]
[EventType "swiss"]
[EventRounds "9"]
[EventCountry "ESP"]
[Source "lmi"]
[SourceDate "2012.04.15"]

1. d4 Nf6 2. c4 e6 3. Nf3 d5 4. Bg5 Nbd7 5. e3 c6 6. Nc3 Qa5 7. Nd2 Bb4 8. Qc2
dxc4 9. Bxf6 Nxf6 10. Bxc4 O-O 11. O-O Qc7 12. Nce4 Be7 13. Nf3 b6 14. Rac1 Bb7
15. Bd3 g6 16. Nxf6+ Bxf6 17. b4 Rac8 18. Be4 a6 19. Rfd1 Rfd8 20. Rd3 b5 21.
Rc3 Rd6 22. Rc5 Qd7 23. Ne5 Bxe5 24. Rxe5 f5 25. Bf3 Qg7 26. Qc3 Rc7 27. d5 Kf7
28. dxe6+ Rxe6 29. Bd5 1-0

[Event "6. Open C.A. Ciudad los Angeles 2012"]
[Site "Madrid ESP"]
[Date "2012.04.22"]
[Round "2.12"]
[White "Yeves Miquel, Enrique"]
[Black "Navas Hernando, Oscar"]
[Result "1/2-1/2"]
[WhiteElo "1716"]
[BlackElo "1855"]
[PlyCount "84"]
[EventDate "2012.04.15"]
[EventType "swiss"]
[EventRounds "9"]
[EventCountry "ESP"]
[Source "lmi"]
[SourceDate "2012.04.15"]

1. d4 Nf6 2. c4 g6 3. Nc3 Bg7 4. e4 d6 5. Nf3 O-O 6. Be2 e5 7. O-O Nc6 8. d5
Ne7 9. b4 Nh5 10. Re1 h6 11. c5 Nf4 12. Bf1 f5 13. Nd2 fxe4 14. Ndxe4 Nf5 15.
g3 Nh5 16. g4 Nd4 17. Be2 Nf4 18. Bxf4 Rxf4 19. f3 Qe7 20. Rf1 Bd7 21. Rc1 Raf8
22. b5 dxc5 23. d6 cxd6 24. Nd5 Nxe2+ 25. Qxe2 Qe6 26. Nxf4 exf4 27. Qc2 Bd4+
28. Kg2 Bxb5 29. Rfe1 Be3 30. Rcd1 Bc6 31. Nf2 c4 32. Rd4 Rc8 33. Rxf4 g5 34.
Rf5 d5 35. Nd1 d4 36. Nxe3 dxe3 37. Qc3 Rf8 38. Rxf8+ Kxf8 39. Rxe3 Qxg4+ 40.
Kh1 Qf4 41. Qh8+ Kf7 42. Qh7+ Kf8 1/2-1/2

[Event "6. Open C.A. Ciudad los Angeles 2012"]
[Site "Madrid ESP"]
[Date "2012.04.22"]
[Round "2.13"]
[White "Sotres Menendez, Raul"]
[Black "Al-zarif Zabala, Bassam"]
[Result "0-1"]
[WhiteElo "1628"]
[BlackElo "1753"]
[PlyCount "62"]
[EventDate "2012.04.15"]
[EventType "swiss"]
[EventRounds "9"]
[EventCountry "ESP"]
[Source "lmi"]
[SourceDate "2012.04.15"]

1. e4 Nf6 2. e5 Nd5 3. d4 d6 4. Nf3 Bf5 5. c4 Nb6 6. Nc3 Nc6 7. exd6 exd6 8.
Bd3 Bxd3 9. Qxd3 Be7 10. a3 O-O 11. O-O Re8 12. b4 a5 13. b5 Nb8 14. a4 d5 15.
cxd5 Nxd5 16. Nxd5 Qxd5 17. Bd2 Nd7 18. Rac1 Bd6 19. Rfe1 b6 20. Ng5 Nf6 21. f3
Rxe1+ 22. Rxe1 Qa2 23. Ne4 Nxe4 24. Qxe4 Rf8 25. Bg5 Qxa4 26. Qg4 Qc2 27. Qd7
Qc3 28. Re4 Qa1+ 29. Kf2 Qa2+ 30. Kg1 Qd5 31. Be7 Bxh2+ 0-1

[Event "6. Open C.A. Ciudad los Angeles 2012"]
[Site "Madrid ESP"]
[Date "2012.04.22"]
[Round "2.17"]
[White "Martin Vazquez, Jose Luis"]
[Black "Gines Sanchez, Javier"]
[Result "0-1"]
[WhiteElo "1940"]
[BlackElo "1575"]
[PlyCount "46"]
[EventDate "2012.04.15"]
[EventType "swiss"]
[EventRounds "9"]
[EventCountry "ESP"]
[Source "lmi"]
[SourceDate "2012.04.15"]

1. e4 e5 2. Bc4 Nc6 3. d3 Na5 4. Nd2 Bc5 5. Nb3 Bb4+ 6. c3 Nxc4 7. cxb4 Nb6 8.
Nf3 d6 9. h3 f5 10. O-O h6 11. Re1 Nf6 12. exf5 Bxf5 13. Nxe5 O-O 14. Nc4 Nfd5
15. Nxb6 Nxb6 16. g4 Bd7 17. Be3 Nd5 18. a3 Ba4 19. Qc2 b5 20. d4 Qh4 21. Kg2
Rae8 22. Qd3 Nxe3+ 23. Rxe3 Qxf2+ 0-1

[Event "6. Open C.A. Ciudad los Angeles 2012"]
[Site "Madrid ESP"]
[Date "2012.04.22"]
[Round "2.18"]
[White "De Pablo Pena, Miguel Angel"]
[Black "Rodriguez Dorado, Victor"]
[Result "0-1"]
[WhiteElo "1608"]
[BlackElo "1940"]
[PlyCount "70"]
[EventDate "2012.04.15"]
[EventType "swiss"]
[EventRounds "9"]
[EventCountry "ESP"]
[Source "lmi"]
[SourceDate "2012.04.15"]

1. Nf3 Nf6 2. c4 g6 3. Nc3 Bg7 4. e4 d6 5. d4 O-O 6. Be2 e5 7. O-O Nc6 8. d5
Ne7 9. Ne1 Nd7 10. Be3 f5 11. f3 f4 12. Bf2 g5 13. Nd3 b6 14. b4 Nf6 15. c5 h5
16. cxd6 cxd6 17. Rc1 Rf7 18. Nb5 Ng6 19. Rc6 Bf8 20. a4 g4 21. Qc2 Ne8 22. a5
Bd7 23. Nxa7 Rxa7 24. Bxb6 Qh4 25. Bd1 Ra8 26. g3 fxg3 27. hxg3 Qxg3+ 28. Qg2
Qxg2+ 29. Kxg2 Ne7 30. Rc3 Nf6 31. Nf2 Ng6 32. fxg4 Nf4+ 33. Kh2 hxg4 34. Rg1
Rh7+ 35. Nh3 Nxh3 0-1

[Event "6. Open C.A. Ciudad los Angeles 2012"]
[Site "Madrid ESP"]
[Date "2012.04.22"]
[Round "2.19"]
[White "Gines Martinez, Andres"]
[Black "Pindado Campos, Raul"]
[Result "0-1"]
[WhiteElo "1581"]
[BlackElo "1824"]
[PlyCount "132"]
[EventDate "2012.04.15"]
[EventType "swiss"]
[EventRounds "9"]
[EventCountry "ESP"]
[Source "lmi"]
[SourceDate "2012.04.15"]

1. e4 c5 2. Nf3 e6 3. d3 Nc6 4. Nbd2 Qc7 5. g3 Nf6 6. Bg2 Be7 7. O-O O-O 8. Re1
d6 9. a3 Rb8 10. Nb3 e5 11. c4 b5 12. Nbd2 bxc4 13. Nxc4 Be6 14. b3 Nd7 15.
Nfd2 Rb7 16. Rb1 Rfb8 17. Nf1 Nd4 18. f4 Nxb3 19. f5 Bxc4 20. dxc4 Qa5 21. Ne3
Nxc1 22. Rxb7 Rxb7 23. Qxc1 Bg5 24. h4 Bxe3+ 25. Rxe3 Qd8 26. Rd3 Qb8 27. Qe3
Nf6 28. Bf3 a5 29. h5 a4 30. g4 Ne8 31. g5 Rb2 32. Be2 Ra2 33. Kf2 Qb1 34. Kg2
Qc2 35. Kf3 Qxc4 36. Rd2 Qb3 37. Rxa2 Qxa2 38. Bb5 Kf8 39. Bxa4 Qh2 40. Kg4
Qg2+ 41. Kh4 f6 42. g6 h6 43. Bb3 Ke7 44. a4 Qg5+ 45. Qxg5 fxg5+ 46. Kg3 Kd7
47. a5 Kc7 48. Bd5 Nf6 49. Bc4 Nxe4+ 50. Kg4 Nf6+ 51. Kf3 Nxh5 52. Ke4 Nf6+ 53.
Kf3 d5 54. Bb5 c4 55. a6 Kb6 56. Ke2 h5 57. Kf2 h4 58. Kf3 c3 59. Ke3 d4+ 60.
Ke2 e4 61. Kd1 h3 62. Bf1 h2 63. Bg2 Kxa6 64. Kc2 Kb5 65. Kb3 e3 66. Bf3 g4 0-1

[Event "6. Open C.A. Ciudad los Angeles 2012"]
[Site "Madrid ESP"]
[Date "2012.04.22"]
[Round "2.20"]
[White "Ortega Socorro, Alberto"]
[Black "Maseda Iglesias, Luis"]
[Result "0-1"]
[WhiteElo "1547"]
[BlackElo "1781"]
[PlyCount "56"]
[EventDate "2012.04.15"]
[EventType "swiss"]
[EventRounds "9"]
[EventCountry "ESP"]
[Source "lmi"]
[SourceDate "2012.04.15"]

1. e4 e6 2. d4 d5 3. Nc3 Nf6 4. e5 Nfd7 5. f4 c5 6. Nf3 Qb6 7. Na4 Qa5+ 8. c3
cxd4 9. b4 Qc7 10. Nxd4 a6 11. Bd2 Nc6 12. Bd3 Nb6 13. Nb2 Bd7 14. O-O Nxd4 15.
cxd4 Bb5 16. Rc1 Qd7 17. Qe2 Be7 18. Qg4 g6 19. Rf3 Bxd3 20. Rxd3 O-O 21. a3
Rfc8 22. Rdc3 Rxc3 23. Rxc3 Rc8 24. Qf3 Nc4 25. Nxc4 dxc4 26. Qd1 Qxd4+ 27. Kh1
Rd8 28. h3 Qxc3 0-1

[Event "6. Open C.A. Ciudad los Angeles 2012"]
[Site "Madrid ESP"]
[Date "2012.04.22"]
[Round "2.21"]
[White "Salgado Duarte, Pablo"]
[Black "Bellod Thomas, Gonzalo"]
[Result "1/2-1/2"]
[WhiteElo "1534"]
[BlackElo "1713"]
[PlyCount "117"]
[EventDate "2012.04.15"]
[EventType "swiss"]
[EventRounds "9"]
[EventCountry "ESP"]
[Source "lmi"]
[SourceDate "2012.04.15"]

1. d4 Nf6 2. c4 g6 3. Nc3 d5 4. cxd5 Nxd5 5. e4 Nxc3 6. bxc3 c5 7. Nf3 Bg7 8.
Be3 O-O 9. Rc1 Bg4 10. Be2 cxd4 11. cxd4 Nc6 12. e5 Qa5+ 13. Qd2 Qxd2+ 14. Nxd2
Bxe2 15. Kxe2 Rad8 16. Nf3 Rfe8 17. Rhd1 e6 18. Rb1 Rd7 19. a3 Ne7 20. Ng5 Nd5
21. Rb3 Rc7 22. Ne4 b6 23. Kf1 Rc2 24. Nd6 Re7 25. Bg5 Rec7 26. Nb5 Rd7 27. Rc1
Rxc1+ 28. Bxc1 Bf8 29. Bb2 h5 30. g3 Bh6 31. Nd6 Bf8 32. Ne4 Be7 33. Nc3 Nc7
34. Nb5 Nxb5 35. Rxb5 Rc7 36. Rb3 Rc2 37. a4 Kf8 38. Kg2 Ke8 39. Bc3 Bg5 40.
Bb4 Be7 41. Rc3 Rxc3 42. Bxc3 Kd7 43. Kf1 Kc6 44. Ke2 Kd5 45. Kd3 a6 46. f3 b5
47. axb5 axb5 48. Bb2 b4 49. Bc1 Bd8 50. Bb2 Bb6 51. Ba1 b3 52. Bb2 Ba7 53. Ba1
Bb6 54. Bb2 Ba5 55. h3 Bb4 56. g4 Ba5 57. Ba1 Bb4 58. Bb2 Ba5 59. Ba1 1/2-1/2

[Event "6. Open C.A. Ciudad los Angeles 2012"]
[Site "Madrid ESP"]
[Date "2012.04.22"]
[Round "2.22"]
[White "Martin Rodriguez, Jose Luis"]
[Black "Rodriguez Lopez-cañizares, Francisco"]
[Result "0-1"]
[WhiteElo "1475"]
[BlackElo "1644"]
[PlyCount "96"]
[EventDate "2012.04.15"]
[EventType "swiss"]
[EventRounds "9"]
[EventCountry "ESP"]
[Source "lmi"]
[SourceDate "2012.04.15"]

1. e4 Nf6 2. e5 Nd5 3. d4 d6 4. Nf3 Nc6 5. Be2 dxe5 6. dxe5 e6 7. O-O g6 8. c4
Nb6 9. Qxd8+ Nxd8 10. Bg5 Nc6 11. Rd1 Bg7 12. Bf4 Nd7 13. Nc3 a6 14. Bg5 Ncxe5
15. Nxe5 Bxe5 16. Rd3 f6 17. Bh6 g5 18. Rad1 Ke7 19. Ne4 Rg8 20. h4 gxh4 21.
Rh3 f5 22. Bg5+ Nf6 23. Nxf6 Bxf6 24. Bxf6+ Kxf6 25. Rxh4 Rg7 26. Rhd4 Rg8 27.
Bf3 e5 28. Rd8 Be6 29. Rxa8 Rxa8 30. b3 e4 31. Be2 Ke7 32. f3 Rd8 33. fxe4
Rxd1+ 34. Bxd1 fxe4 35. Bc2 Bf5 36. Kf1 Kd6 37. Ke2 Ke5 38. Ke3 c5 39. Bd1 Be6
40. Bh5 Bd7 41. Be2 b5 42. Bf1 bxc4 43. Bxc4 Bb5 44. a4 Bxc4 45. bxc4 h5 46. g3
Kf5 47. a5 Ke5 48. Ke2 Kd4 0-1

[Event "6. Open C.A. Ciudad los Angeles 2012"]
[Site "Madrid ESP"]
[Date "2012.04.22"]
[Round "2.23"]
[White "Melcon Diez, Enrique"]
[Black "Pablos Ceruelo, Oscar"]
[Result "1-0"]
[WhiteElo "1628"]
[BlackElo "1367"]
[PlyCount "69"]
[EventDate "2012.04.15"]
[EventType "swiss"]
[EventRounds "9"]
[EventCountry "ESP"]
[Source "lmi"]
[SourceDate "2012.04.15"]

1. c4 e5 2. Nc3 Nc6 3. Nf3 Nf6 4. g3 d6 5. d4 e4 6. Ng5 h6 7. Ngxe4 Nxe4 8.
Nxe4 d5 9. cxd5 Qxd5 10. Bg2 Qxd4 11. O-O Bf5 12. Nc3 O-O-O 13. Bxc6 Qb6 14.
Bxb7+ Qxb7 15. Qb3 Bb4 16. f3 Qb6+ 17. Kg2 Be6 18. Qc2 Qa6 19. Bd2 Rhe8 20. b3
g6 21. Rfe1 Qa5 22. Red1 Bxb3 23. Qxb3 Rxd2 24. Rxd2 Bxc3 25. Rd5 Rxe2+ 26. Kh3
Qa6 27. Rad1 Qe6+ 28. g4 Bf6 29. Qa4 h5 30. Qd7+ Qxd7 31. Rxd7 Be5 32. R1d2
Rxh2+ 33. Rxh2 Bxh2 34. Rxf7 Bd6 35. g5 1-0

[Event "6. Open C.A. Ciudad los Angeles 2012"]
[Site "Madrid ESP"]
[Date "2012.04.29"]
[Round "3.1"]
[White "Tirado Parra, Alberto"]
[Black "Cano Cabanillas, Javier"]
[Result "0-1"]
[WhiteElo "1880"]
[BlackElo "2016"]
[PlyCount "78"]
[EventDate "2012.04.15"]
[EventType "swiss"]
[EventRounds "9"]
[EventCountry "ESP"]
[Source "lmi"]
[SourceDate "2012.04.15"]

1. d4 Nf6 2. Nf3 g6 3. Bf4 Bg7 4. e3 O-O 5. Be2 d5 6. Nc3 c5 7. dxc5 Qa5 8. Nd2
Qb4 9. a3 Qxc5 10. Nb3 Qb6 11. O-O Nc6 12. Bf3 e5 13. Bg5 d4 14. exd4 Nxd4 15.
Nxd4 exd4 16. Na4 Qb5 17. Bxf6 Bxf6 18. b3 d3 19. Ra2 dxc2 20. Rxc2 Be6 21. Nc5
Bxb3 22. Qb1 Bc4 23. Rxc4 Qxc4 24. Nd7 Qc3 25. Rc1 Qb2 26. Nxf8 Rxf8 27. a4
Qxb1 28. Rxb1 b6 29. Rc1 Rd8 30. Rc7 a5 31. Kf1 Bd4 32. Bc6 Rd6 33. Bb5 Rf6 34.
f3 Kg7 35. Rc6 Rf5 36. Ke2 Bc5 37. Bc4 Rf4 38. Bb5 Rb4 39. f4 Rxf4 0-1

[Event "6. Open C.A. Ciudad los Angeles 2012"]
[Site "Madrid ESP"]
[Date "2012.04.29"]
[Round "3.2"]
[White "Ruiz Sanchez, Roberto"]
[Black "Sancho Diaz, Santiago"]
[Result "1-0"]
[WhiteElo "1997"]
[BlackElo "1896"]
[PlyCount "101"]
[EventDate "2012.04.15"]
[EventType "swiss"]
[EventRounds "9"]
[EventCountry "ESP"]
[Source "lmi"]
[SourceDate "2012.04.15"]

1. e4 c5 2. Nf3 Nc6 3. d4 cxd4 4. Nxd4 g6 5. c4 Bg7 6. Be3 d6 7. Nc3 Nf6 8. Be2
O-O 9. O-O a6 10. Qd2 Bd7 11. Kh1 Rc8 12. f3 Ne5 13. b3 Bc6 14. Rac1 Qc7 15.
Qe1 e6 16. Qh4 Ned7 17. Rfd1 Kh8 18. Bg5 Ng8 19. Qg3 Ndf6 20. Nxc6 bxc6 21.
Qxd6 Qa5 22. Qd2 Rfd8 23. Qe3 h6 24. Bh4 g5 25. Bf2 Rxd1+ 26. Bxd1 Nh5 27. Na4
Nf4 28. Be1 Qd8 29. Bc2 Bd4 30. Bc3 e5 31. Bxd4 exd4 32. Qd2 c5 33. Nb2 Qb6 34.
Nd3 Ne6 35. e5 Qc7 36. Re1 Kg7 37. Qe2 Ne7 38. Qe4 Ng6 39. g3 Qa5 40. Bb1 Qd8
41. f4 gxf4 42. gxf4 Qh4 43. f5 Ng5 44. f6+ Kg8 45. Qxh4 Nxh4 46. Nf4 Re8 47.
Nd5 Ngf3 48. Ne7+ Kh8 49. Re4 Nd2 50. Rxh4 Nxb1 51. Rxh6# 1-0

[Event "6. Open C.A. Ciudad los Angeles 2012"]
[Site "Madrid ESP"]
[Date "2012.04.29"]
[Round "3.3"]
[White "Marcos Herrero, Francisco"]
[Black "Rodriguez Vignote, Javier"]
[Result "1-0"]
[WhiteElo "1874"]
[BlackElo "1923"]
[PlyCount "97"]
[EventDate "2012.04.15"]
[EventType "swiss"]
[EventRounds "9"]
[EventCountry "ESP"]
[Source "lmi"]
[SourceDate "2012.04.15"]

1. d4 Nf6 2. c4 e6 3. g3 Bb4+ 4. Bd2 Qe7 5. Bg2 Nc6 6. a3 Bxd2+ 7. Qxd2 e5 8.
Nf3 d6 9. d5 Nb8 10. Nc3 a5 11. O-O Na6 12. b4 O-O 13. Ne1 Bd7 14. Rb1 e4 15.
Nc2 Bf5 16. Ne3 Bg6 17. bxa5 Nc5 18. Nb5 Ra6 19. Nd4 Rfa8 20. Rb5 c6 21. dxc6
bxc6 22. Rb6 Qc7 23. Rfb1 Nfd7 24. Rxa6 Rxa6 25. Ndf5 Rxa5 26. h4 Ra8 27. Nxd6
Rxa3 28. Nef5 Ra8 29. Ne7+ Kf8 30. Nxg6+ hxg6 31. Nxe4 Nxe4 32. Bxe4 Ne5 33.
Qb4+ c5 34. Qb5 Rd8 35. Bd5 Nd7 36. Qa6 Qe5 37. Qa5 Rb8 38. Rxb8+ Qxb8 39. Bc6
Ne5 40. Qxc5+ Kg8 41. Qb5 Qd6 42. Bd5 Nd7 43. Qc6 Qe7 44. Qc7 Qe8 45. Bc6 Qxe2
46. Qxd7 Qxc4 47. Bd5 Qc1+ 48. Kg2 Qb2 49. Qxf7+ 1-0

[Event "6. Open C.A. Ciudad los Angeles 2012"]
[Site "Madrid ESP"]
[Date "2012.04.29"]
[Round "3.4"]
[White "Garcia De Quesada, Ignacio"]
[Black "Rios Rebollo, Victor"]
[Result "1-0"]
[WhiteElo "1910"]
[BlackElo "1842"]
[PlyCount "51"]
[EventDate "2012.04.15"]
[EventType "swiss"]
[EventRounds "9"]
[EventCountry "ESP"]
[Source "lmi"]
[SourceDate "2012.04.15"]

1. d4 d5 2. c4 e6 3. Nc3 Nf6 4. cxd5 exd5 5. Bg5 Be7 6. e3 c6 7. Bd3 O-O 8.
Nge2 Re8 9. O-O Nbd7 10. Qc2 Nf8 11. Rac1 Ne4 12. Bxe7 Qxe7 13. Nf4 g5 14.
Nfxd5 Qd8 15. Nxe4 cxd5 16. Ng3 Qf6 17. Qb3 Qd6 18. Rc5 Rd8 19. e4 dxe4 20.
Rxg5+ Ng6 21. Bxe4 Qxd4 22. Bxg6 hxg6 23. Rxg6+ Kf8 24. Qa3+ Ke8 25. Re1+ Be6
26. Nf5 1-0

[Event "6. Open C.A. Ciudad los Angeles 2012"]
[Site "Madrid ESP"]
[Date "2012.04.29"]
[Round "3.5"]
[White "Al-zarif Zabala, Bassam"]
[Black "Garrido Ariza, Javier"]
[Result "0-1"]
[WhiteElo "1753"]
[BlackElo "1807"]
[PlyCount "118"]
[EventDate "2012.04.15"]
[EventType "swiss"]
[EventRounds "9"]
[EventCountry "ESP"]
[Source "lmi"]
[SourceDate "2012.04.15"]

1. e4 c5 2. Ne2 Nc6 3. Nbc3 Nf6 4. d4 cxd4 5. Nxd4 g6 6. Be3 Bg7 7. Nb3 O-O 8.
f3 a6 9. Qd2 Re8 10. O-O-O b5 11. g4 Ne5 12. Qf2 Rb8 13. h4 h5 14. g5 Nh7 15.
Nd5 Bb7 16. Bb6 Qc8 17. Nc7 Rf8 18. Ba5 Nc6 19. Nd5 d6 20. Bh3 e6 21. Bc7 Rd8
22. Bxd8 Qxd8 23. Nf4 a5 24. Ne2 a4 25. Nbd4 b4 26. Nxc6 Bxc6 27. Nd4 Qb6 28.
Rhf1 a3 29. b3 Nf8 30. Nxc6 Qxc6 31. Rd3 Nd7 32. Qd2 Nc5 33. Kb1 Nxd3 34. Qxd3
Qc3 35. Qxc3 Bxc3 36. Kc1 Rc8 37. Rd1 Be5 38. Bg2 Bf4+ 39. Kb1 Rc3 40. Rd3 Rxd3
41. cxd3 Bg3 42. d4 Bxh4 43. f4 Bg3 44. f5 Bf4 45. fxe6 fxe6 46. d5 exd5 47.
exd5 Bxg5 48. Kc2 Kf7 49. Kd3 Kf6 50. Ke4 Bd2 51. Kd3 Bc3 52. Kc4 Bd2 53. Kd3
Bc3 54. Ke3 g5 55. Ke4 g4 56. Kf4 Be5+ 57. Ke3 Kg5 58. Ke4 h4 59. Bh1 h3 0-1

[Event "6. Open C.A. Ciudad los Angeles 2012"]
[Site "Madrid ESP"]
[Date "2012.04.29"]
[Round "3.6"]
[White "Ortiz Berruguete, Adrian"]
[Black "Lianes Garcia, Marcos"]
[Result "1/2-1/2"]
[WhiteElo "1734"]
[BlackElo "1568"]
[PlyCount "90"]
[EventDate "2012.04.15"]
[EventType "swiss"]
[EventRounds "9"]
[EventCountry "ESP"]
[Source "lmi"]
[SourceDate "2012.04.15"]

1. e4 e6 2. d4 d5 3. exd5 exd5 4. c4 c6 5. Nc3 Nf6 6. Bd3 Be7 7. Nge2 O-O 8.
O-O dxc4 9. Bxc4 Nbd7 10. Qc2 Nb6 11. Bb3 Bd7 12. Bf4 Rc8 13. Rad1 Bg4 14. Rfe1
Bd6 15. Qd2 Qc7 16. f3 Bf5 17. Bxd6 Qxd6 18. Qg5 Bg6 19. Nf4 Kh8 20. Nxg6+ fxg6
21. Re6 Qd7 22. Qe5 Rce8 23. Re1 Qd8 24. Qa5 Qxd4+ 25. Kh1 Rxe6 26. Rxe6 Nbd5
27. Nd1 a6 28. h3 Qa7 29. Qe1 Qb8 30. Qh4 Qd8 31. Bc2 Kg8 32. Bb3 Re8 33. Qe1
Kf8 34. Nf2 Qd7 35. Re2 Re7 36. Qd2 Qd8 37. Rxe7 Qxe7 38. Bxd5 Nxd5 39. Ne4 Qb4
40. Qe2 Qb5 41. Qd2 Qc4 42. a3 Qf1+ 43. Kh2 Qc4 44. Qg5 Ne7 45. Qf4+ Qf7
1/2-1/2

[Event "6. Open C.A. Ciudad los Angeles 2012"]
[Site "Madrid ESP"]
[Date "2012.04.29"]
[Round "3.9"]
[White "Garcia Prados, David"]
[Black "Mataix Fernandez, Ricardo"]
[Result "1-0"]
[WhiteElo "2070"]
[BlackElo "1730"]
[PlyCount "59"]
[EventDate "2012.04.15"]
[EventType "swiss"]
[EventRounds "9"]
[EventCountry "ESP"]
[Source "lmi"]
[SourceDate "2012.04.15"]

1. e4 e5 2. d4 exd4 3. Qxd4 Nc6 4. Qe3 d6 5. Bb5 Bd7 6. Nc3 a6 7. Ba4 Nf6 8. f4
Be7 9. Nf3 O-O 10. Bd2 b5 11. Bb3 Be6 12. Nd5 Re8 13. O-O Bf8 14. Qd3 Bg4 15.
Nxf6+ gxf6 16. Bd5 Bd7 17. Qc3 b4 18. Qc4 Ne7 19. Bxf7+ Kh8 20. Bxe8 Bxe8 21.
Qxb4 Bf7 22. Bc3 Bg7 23. Rad1 Ng6 24. e5 a5 25. Qd4 fxe5 26. fxe5 Bxa2 27. Qg4
Qg8 28. b3 a4 29. Ng5 Bxe5 30. Nf7+ 1-0